00446nam a2200181Ia 4500003000400000005001700004008004100021020001400062040000700076041000800083082001900091100004800110245004100158250000600199260002900205300001700234365001300251OSt20230403102250.0210423s2005 xx 000 0 und d a324444931 cAL aeng a658.4 CUMT223 aCUMMINGS (Thomas G);WORLEY (Christopher G). aOrganization development and change. a8 aAustraliabThomsonc2005 axxii,694bPB b595cINR